Formaciones de lo inconsciente / (Record no. 85675)

MARC details
000 -LEADER
campo de control de longitud fija 00701nam a2200217 i 4500
001 - NÚMERO DE CONTROL
campo de control 85675
003 - IDENTIFICADOR DE NÚMERO DE CONTROL
campo de control ES-MaACL
005 - FECHA Y HORA DE LA ÚLTIMA TRANSACCIÓN
campo de control 20250926063053.0
007 - CAMPO FIJO DE DESCRIPCIÓN FÍSICA--INFORMACIÓN GENERAL
campo de control de longitud fija t|
008 - DATOS DE LONGITUD FIJA--INFORMACIÓN GENERAL
campo de control de longitud fija 041130s1982 sp ||||1| spa d
020 ## - NÚMERO INTERNACIONAL ESTÁNDAR DEL LIBRO
Número Internacional Estándar del Libro 84-7509-126-1
100 1# - ENTRADA PRINCIPAL--NOMBRE DE PERSONA
Nombre de persona Jung, Carl G.,
Fechas asociadas al nombre 1875-1961
9 (RLIN) 67282
245 10 - MENCIÓN DEL TÍTULO
Título Formaciones de lo inconsciente /
Mención de responsabilidad, etc. C.G. Jung ; [traducción de Roberto Pope].
260 ## - PUBLICACIÓN, DISTRIBUCIÓN, ETC.
Lugar de publicación, distribución, etc. Barcelona :
Nombre del editor, distribuidor, etc. Paidós,
Fecha de publicación, distribución, etc. 1982.
300 ## - DESCRIPCIÓN FÍSICA
Extensión 133 p., 24 lám. ;
Dimensiones 22 cm.
490 1# - MENCIÓN DE SERIE
Mención de serie Biblioteca de psicología profunda ;
Designación de volumen o secuencia 16
700 1# - ENTRADA AGREGADA--NOMBRE PERSONAL
Nombre de persona Pope, Roberto.
9 (RLIN) 93084
830 0# - PUNTO DE ACCESO ADICIONAL DE SERIE-TÍTULO UNIFORME
Título uniforme Biblioteca de psicología profunda ;
Designación de volumen o secuencia 16
9 (RLIN) 179952
852 ## - LOCALIZACIÓN
Ubicación ES-MaACL
Número de control de estantería L-9642
Sublocalización o colección R.111802
Holdings
Estatus retirado Estado de pérdida Estado de daño No para préstamo Biblioteca de origen Biblioteca actual Ubicación en estantería Fecha de adquisición Fuente de adquisición Total de préstamos Signatura topográfica completa Código de barras Visto por última vez Precio de reemplazo Tipo de ítem Koha
        Biblioteca del Ateneo de Madrid Biblioteca del Ateneo de Madrid Depósito 2 17/01/2008     L-9642 1089523 23/02/2023 23/02/2023 Libro impreso